00338pab a2200097 454500008003600000100002400036245005700060650003100117650003600148773005600184180718b xxu||||| |||| 00| 0 eng d aDas, Hrudaya Ballav aParliamentary privilege and independence of Judicion a Parliamentary - Privilege aLegislatures - Power of - India aJournal of Constitutional and Parliamentary Studies